Lemprière's classical dictionary of proper names mentioned in ancient authors writ large : (Record no. 196385)

MARC details
000 -LEADER
campo de control de longitud fija 01529nam a2200409 i 4500
001 - NÚMERO DE CONTROL
campo de control 196385
003 - IDENTIFICADOR DE NÚMERO DE CONTROL
campo de control ES-MaACL
005 - FECHA Y HORA DE LA ÚLTIMA TRANSACCIÓN
campo de control 20241010123023.0
007 - CAMPO FIJO DE DESCRIPCIÓN FÍSICA--INFORMACIÓN GENERAL
campo de control de longitud fija ta
008 - DATOS DE LONGITUD FIJA--INFORMACIÓN GENERAL
campo de control de longitud fija 240920s1984||||uk ||||frd 000 0deng d
020 ## - NÚMERO INTERNACIONAL ESTÁNDAR DEL LIBRO
Número Internacional Estándar del Libro 0946495122
035 ## - NÚMERO DE CONTROL DEL SISTEMA
Número de control de sistema (OCoLC)463650460
035 ## - NÚMERO DE CONTROL DEL SISTEMA
Número de control de sistema bua30099
035 ## - NÚMERO DE CONTROL DEL SISTEMA
Número de control de sistema 30099
035 ## - NÚMERO DE CONTROL DEL SISTEMA
Número de control de sistema 075270153
040 ## - FUENTE DE CATALOGACIÓN
Centro catalogador/agencia de origen ABES
Lengua de catalogación fre
Normas de descripción AFNOR
Centro/agencia transcriptor ES-MaACL
Centro/agencia modificador ES-MaACL
041 0# - CÓDIGO DE IDIOMA
Fuente del código 639-2
100 ## - ENTRADA PRINCIPAL--NOMBRE DE PERSONA
Nombre de persona Lemprière, John
9 (RLIN) 238842
Término indicativo de función/relación Autor
245 10 - MENCIÓN DEL TÍTULO
Título Lemprière's classical dictionary of proper names mentioned in ancient authors writ large :
Resto del título with a chronological table /
Mención de responsabilidad, etc. with a short notice of Dr J. Lemprière by F.A. Wright ; and an introd. by R. Willets.
250 ## - MENCION DE EDICION
Mención de edición 3rd ed.
260 ## - PUBLICACIÓN, DISTRIBUCIÓN, ETC.
Lugar de publicación, distribución, etc. London ;
-- Boston :
Nombre del editor, distribuidor, etc. Routledge & Kegan Paul,
Fecha de publicación, distribución, etc. 1984.
300 ## - DESCRIPCIÓN FÍSICA
Extensión 736 p. ;
Dimensiones 22 cm.
336 ## - TIPO DE CONTENIDO
Código de tipo de contenido txt
Fuente rdacontent
Término de tipo de contenido texto
337 ## - TIPO DE MEDIO
Código del tipo de medio n
Fuente rdamedia
Nombre/término del tipo de medio sin mediación
337 ## - TIPO DE MEDIO
Código del tipo de medio n
Fuente isbdmedia
Nombre/término del tipo de medio sin mediación
338 ## - TIPO DE SOPORTE
Fuente rdacarrier
Nombre/término del tipo de soporte volumen
650 #7 - PUNTO DE ACCESO ADICIONAL DE MATERIA--TÉRMINO DE MATERIA
Término de materia o nombre geográfico como elemento de entrada Civilización antigua
Subdivisión de forma Diccionarios
9 (RLIN) 239110
650 #7 - PUNTO DE ACCESO ADICIONAL DE MATERIA--TÉRMINO DE MATERIA
Término de materia o nombre geográfico como elemento de entrada Historia antigua-
9 (RLIN) 163535
Subdivisión de forma Diccionarios
700 ## - ENTRADA AGREGADA--NOMBRE PERSONAL
Nombre de persona Wright, Frederick Adam
9 (RLIN) 238845
Término indicativo de función/relación Editor literario
852 ## - LOCALIZACIÓN
Ubicación ES-MaACL
Ubicación en estantería Depósito 1
Donativo/Legado Donación: José Manuel Duarte Cendán
itemnumber 204083
Número de control de estantería A-15424
886 2# - INFORMACIÓN DE CAMPO MARC FORÁNEO
2 unimarc
a 181
-- i#
b xxxe##
903 ## - NOMBRE PERSONAL DE DONANTE
9 238529
a Duarte Cendán, José Manuel
q 1
e Donante
942 ## - ELEMENTOS DE ENTRADA SECUNDARIOS (KOHA)
Suprimir en OPAC No
Tipo de ítem Koha Libro impreso
Holdings
Estatus retirado Estado de pérdida Fuente del sistema de clasificación o colocación Estado de daño No para préstamo Biblioteca de origen Biblioteca actual Ubicación en estantería Fecha de adquisición Fuente de adquisición Total de préstamos Signatura topográfica completa Código de barras Visto por última vez Precio de reemplazo Tipo de ítem Koha
    Clasificación decimal universal     Biblioteca del Ateneo de Madrid Biblioteca del Ateneo de Madrid Depósito 1 20/09/2024 Donación   A-15424 101228881 20/09/2024 20/09/2024 Libro impreso